| 000 | 00439nam a2200157 i 4500 | ||
|---|---|---|---|
| 001 | 104210 | ||
| 003 | ES-MaACL | ||
| 005 | 20230906183537.0 | ||
| 007 | t| | ||
| 008 | 051125s1956 sp ||||1| spa d | ||
| 100 | 1 |
_aMiguel, Florindo de. _981005 |
|
| 245 | 1 | 0 |
_aUn cura en zona roja / _cFlorindo de Miguel, Pbro. |
| 260 |
_aBarcelona : _bTip. Cat. Casals, _c1956. |
||
| 300 |
_a188 p. ; _c24 cm. |
||
| 852 |
_aES-MaACL _jC-11264 _bR.38996 |
||
| 999 |
_c104210 _d104210 |
||